000 00299nam a2200145 4500
003 OSt
008 250127b |||||||| |||| 00| 0 eng d
100 _aMALIK, Sakshi
245 _aWitness
250 _a1st Ed.
260 _bJuggernaut
_c2024
300 _a300
650 _aIT
942 _2ddc
_cBK
999 _c13022
_d13022